000 00645nas a2200217 4500
001 BR6010752
003 BR-BrBNA
005 20231205082129.0
007 ta
008 230509b bl.|||p| |||| 00| 00por d
040 _aBR-BrBNA
_bpor
_cBiblioteca Nacional de Agricultura
041 _a(Pt)
072 _aF50
100 1 _aBarros, M.A.A.
245 1 _aOrigem e formacao das domacias em Coffea L.
650 _aDOMACIA
650 _aCAFE
773 0 _tAnais da Escola Superior de Agricultura Luiz de Queiroz (Brazil)
_xISSN 0071-1276
_g(1960), v. 17 p. 131-138
_wBR6010752
909 _a202311
_bLúcia
_c55
_dLúcia Elande
942 _2AGRIS
_n0
_cANA
999 _c89376
_d89376